The stupid bear
| Main Author: | |
|---|---|
| Format: | Book |
| Published: |
Seremban :
Pustaka Cahaya Ilmu ,
2013
|
| Series: | The smart boy stories series
|
| Subjects: |
MARC
| LEADER | 00000cam a2200000 7i4500 | ||
|---|---|---|---|
| 001 | 0000168024 | ||
| 005 | 20130305.0 | ||
| 020 | |a 9789670456126 | ||
| 090 | 0 | 0 | |a JF |b MOH |
| 100 | 0 | |a Mohd Shafie | |
| 245 | 1 | 4 | |a The stupid bear |c Mohd Shafie |
| 260 | |a Seremban : |b Pustaka Cahaya Ilmu , |c 2013 | ||
| 300 | |a 30p. : |b ill. ; |c 21cm. | ||
| 490 | 0 | |a The smart boy stories series | |
| 650 | 0 | 0 | |a Children's stories |
| 999 | |a 00268539 |b BUKU |c PINJAMAN |e PERPUSTAKAAN KOMUNITI PETALING JAYA | ||